Определение допустимых пределов изменения коэффициентов полинома, гарантирующих заданную степень робастной устойчивости; Современные техника и технологии; Т. 2

Bibliographische Detailangaben
Parent link:Современные техника и технологии: сборник трудов XX международной научно-практической конференции студентов, аспирантов и молодых ученых, Томск, 14-18 апреля 2014 г./ Национальный исследовательский Томский политехнический университет (ТПУ).— , 2014
Т. 2.— 2014.— [С. 175-176]
1. Verfasser: Езангина Т. А. Татьяна Александровна
Körperschaft: Национальный исследовательский Томский политехнический университет (ТПУ) Институт кибернетики (ИК) Кафедра автоматики и компьютерных систем (АИКС)
Weitere Verfasser: Гайворонский С. А. Сергей Анатольевич (научный руководитель)
Zusammenfassung:Заглавие с титульного экрана
Sprache:Russisch
Veröffentlicht: 2014
Schriftenreihe:Информатика и управление в технических системах
Schlagworte:
Online-Zugang:http://earchive.tpu.ru/handle/11683/20796
http://www.lib.tpu.ru/fulltext/c/2014/C01/V2/085.pdf
Format: Elektronisch Buchkapitel
KOHA link:https://koha.lib.tpu.ru/cgi-bin/koha/opac-detail.pl?biblionumber=606863

MARC

LEADER 00000naa2a2200000 4500
001 606863
005 20260306105123.0
035 |a (RuTPU)RU\TPU\conf\4242 
035 |a RU\TPU\conf\4241 
090 |a 606863 
100 |a 20140619d2014 k y0rusy50 ca 
101 0 |a rus 
102 |a RU 
135 |a drcn ---uucaa 
181 0 |a i  
182 0 |a b 
200 1 |a Определение допустимых пределов изменения коэффициентов полинома, гарантирующих заданную степень робастной устойчивости  |f Т. А. Езангина  |g науч. рук. С. А. Гайворонский 
203 |a Текст  |c электронный 
225 1 |a Информатика и управление в технических системах 
300 |a Заглавие с титульного экрана 
320 |a [Библиогр.: с. 176 (2 назв.)] 
337 |a Adobe Reader 
461 1 |0 (RuTPU)RU\TPU\conf\3687  |t Современные техника и технологии  |o сборник трудов XX международной научно-практической конференции студентов, аспирантов и молодых ученых, Томск, 14-18 апреля 2014 г.  |o в 3 т.  |f Национальный исследовательский Томский политехнический университет (ТПУ)   |d 2014 
463 1 |0 (RuTPU)RU\TPU\conf\3689  |t Т. 2  |v [С. 175-176]  |d 2014 
610 1 |a труды учёных ТПУ 
610 1 |a электронный ресурс 
610 1 |a робастная устойчивость 
610 1 |a полиномы 
610 1 |a степени 
610 1 |a коэффициенты 
610 1 |a автоматическое управление 
700 1 |a Езангина  |b Т. А.  |c специалист в области информатики и вычислительной техники  |c инженер Томского политехнического университета  |f 1987-  |g Татьяна Александровна  |3 (RuTPU)RU\TPU\pers\35610 
702 1 |a Гайворонский  |b С. А.  |c специалист в области автоматики и компьютерных систем  |c доцент Томского политехнического университета, кандидат технических наук  |f 1961-  |g Сергей Анатольевич  |4 727 
712 0 2 |a Национальный исследовательский Томский политехнический университет (ТПУ)  |b Институт кибернетики (ИК)  |b Кафедра автоматики и компьютерных систем (АИКС)  |3 (RuTPU)RU\TPU\col\18698 
801 2 |a RU  |b 63413507  |c 20210310  |g RCR 
856 4 |u http://earchive.tpu.ru/handle/11683/20796 
856 4 |u http://www.lib.tpu.ru/fulltext/c/2014/C01/V2/085.pdf 
942 |c CF